Guess the Lyrics - 'Both Sides Now' - Joni Mitchell - Statistics

General Stats
  • This quiz has been taken 17 times
  • The average score is 30 of 40
Answer Stats
Answer % Correct
I've {looked} at clouds from both sides now
94%
I've {looked} at life from both sides now
94%
And ice cream {castles} in the air
88%
But clouds {got} in my way
88%
But now they only block the {sun}
88%
From up and down and still {somehow}
88%
I {really} don't know clouds at all
88%
I really don't {know} life at all
88%
I really {don't} know life at all
88%
I really don't know love {at} {all}
88%
{It's} life's illusions I recall
88%
It's life's illusions I {recall}
88%
It's love's illusions I {recall}
88%
I've looked at life {from} both sides now
88%
I've looked at {life} that way
88%
I've looked at love from both sides {now}
88%
So many things I would have {done}
88%
To say, "I love you" right out {loud}
88%
From {up} {and} {down} and still somehow
82%
I've looked at {love} that way
82%
They shake their heads, they say I've {changed}
82%
It's cloud {illusions} I recall
76%
Tears and fears and feeling {proud}
76%
The {dizzy} dancing way you feel
76%
Well, something's lost, but something's {gained}
76%
But now old friends are {acting} strange
71%
Don't {give} yourself away
71%
I've looked at {clouds} that way
71%
They rain and {snow} on everyone
71%
But now it's just another {show}
65%
You leave 'em {laughing} when you go
65%
And {feather} canyons everywhere
59%
As every {fairy} {tale} comes real
59%
In {living} every day
59%
Moons and {Junes} and Ferris wheels
59%
And if you {care}, don't let them know
53%
From {give} {and} {take} and still somehow
47%
From {win} {and} {lose} and still somehow
47%
Dreams and {schemes} and circus crowds
41%
Rows and {floes} of angel hair
29%
No matching quizzes found
Score Distribution
Percent of People with Each Score
Percentile by Number Answered
Your Score History
You have not taken this quiz